مقال عن أمريكا / (Record no. 14092)
[ view plain ]
| 000 -الفاتح | |
|---|---|
| حقل البيانات ثابتة الطول | 01247nam a2200301 i 4500 |
| 003 - محدد رقم الضبط | |
| رقم الضبط | EG-ScBUE |
| 005 - وقت وتاريخ اخر تعامل مع التسجيلة | |
| رقم الضبط | 20230920120518.0 |
| 008 - عناصر البيانات ثابتة الطول - معلومات عامة | |
| حقل البيانات ثابتة الطول | 100615n19uu u a | b 000 0 ara d |
| 040 ## - مصدر الفهرسة | |
| وكالة الفهرسة الأصلية | EG-ScBUE |
| لغة الفهرسة | ara |
| قواعد الوصف | rda |
| وكالة النسخ | EG-ScBUE |
| وكالة التعديل | EG-ScBUE |
| 041 1# - رمز اللغة | |
| رمز لغة النص/ المسارات الصوتية أو العنوان الانفرادي | ara |
| رمز لغة الترجمات و/او الاصلية المتوسطة للنص | eng |
| 043 ## - رمز المنطقة الجغرافية | |
| رمز المنطقة الجغرافية | n-us--- |
| 082 04 - رقم تصنيف ديوى العشرى | |
| رقم الطبعة | 22 |
| رقم التصنيف | 917.384 |
| رقم المادة | ث ي و |
| 100 1# - المدخل الرئيسى - إسم شخصى | |
| 9 (RLIN) | 14786 |
| الإسم الشخصى | ثيوتوكاس، جورج، |
| التواريخ المصاحبة للاسم | 1906-1966، |
| الدور | مؤلف. |
| 245 10 - بيان العنوان | |
| العنوان | مقال عن أمريكا / |
| بيان المسئوليه,etc | بقلم جورج ثيوتوكاس ؛ ترجمة محمد بدران. |
| 260 ## - PUBLICATION, DISTRIBUTION, ETC. (IMPRINT) | |
| اسم الناشر او الموزع | , |
| 264 #1 - النشر، التوزيع | |
| مكان الناشر او الموزع | [ القاهرة] : |
| اسم الناشر او الموزع | مكتبة النهضة المصرية، |
| تاريخ النشر أو التوزيع | [19--؟] |
| 300 ## - الوصف المادى | |
| التعداد | 229 صفحة : |
| تفاصيل ماديه اخرى للوعاء | إيضاحيات ؛ |
| أبعاد الوعاء | 16 سم |
| 336 ## - نوع المحتوى | |
| source | rdacontent |
| Carrier Type Term | نص |
| Content Type Code | txt |
| 337 ## - نوع الوسيط | |
| source | rdamedia |
| Media Type Term | بدون وسيط |
| Media Type Code | n |
| 338 ## - نوع الحامل أو الناقل | |
| source | rdacarrier |
| Carrier Type Term | مجلد |
| Carrier Type Code | nc |
| 504 ## - تبصرة ببليوجرافية | |
| تبصرة ببليوجرافية,الخ | يشتمل على إرجاعات ببليوجرافية.<br/> |
| 541 ## - تبصرة المصدر المباشر للتزويد | |
| طريقة التزويد | Donated ; |
| مصدر التزويد | Alaa Abdel Ghaney. |
| 546 ## - تبصرة اللغة | |
| تبصرة اللغة | النص باللغة العربية وتم ترجمته من اللغة الإنجليزية. |
| 651 #7 - المدخل الاضافى بالموضوع - اسم جغرافى | |
| مصدر الرأس أو المصطلح | BUEsh |
| الاسم الجغرافي | الولايات المتحدة الأمريكية |
| التقسيم الفرعي العام | تاريخ |
| التقسيم الفرعي الشكلي | مقالات ومحاضرات. |
| 655 ## - مصطلح تكشيفى-نوع/شكل | |
| التقسيم الفرعي الشكلي | Reading book |
| 700 1# - المدخل الاضافى - اسم شخصى | |
| الإسم الشخصى | بدران، محمد، |
| الدور | مترجم. |
| 942 ## - عناصر المدخل الإضافي( كوها) | |
| مصدر التصنيف او مخطط الترفيف | Dewey Decimal Classification |
| Koha [default] item type | Book - Borrowing |
| حالة التراجع | حالة الفقد | مصدر التصنيف او خطة الترفيف | حالة تلف | ليس للاعارة | مجموعات كوها | المكان الدائم | المكان الحالي | موقع الترفيف | تاريخ الاكتساب | Source of acquisition | رقم الاستدعاء | الباركود | Date last seen | نوع الوعاء |
|---|---|---|---|---|---|---|---|---|---|---|---|---|---|---|
| Dewey Decimal Classification | Donation-Gift | Central Library | Central Library | Second Floor | 15/06/2010 | Donation | 917.384 ث ي و | 000020785 | 15/07/2025 | Book - Borrowing |